[Event "Stari Banovci Vidovdan op"]
[Site "Stari Banovci"]
[Date "2018.06.30"]
[Round "3"]
[White "Sevgi, Volkan"]
[Black "Jovanovic, Miroslav T"]
[Result "1-0"]
[WhiteElo "2266"]
[BlackElo "1868"]
[PlyCount "68"]
[EventDate "2018.06.29"]
[EventType "swiss"]
[EventRounds "9"]
[EventCountry "SRB"]
[SourceTitle "CBM 185 Extra"]
[Source "ChessBase"]
[SourceDate "2018.07.29"]
[SourceVersion "1"]
[SourceVersionDate "2018.07.29"]
[SourceQuality "1"]

1. e4 e5 2. Nc3 Nf6 3. g3 Bc5 4. Bg2 c6 5. Qe2 0-0 6. Nf3 Re8 7. 0-0 d5 8. d3 h6 9. h3 Nbd7 10. Kh1 Bd6 11. Nh2 Nf8 12. Nd1 Ne6 13. Ne3 Bc5 14. c3 dxe4 15. dxe4 Ng5 16. Neg4 Nxg4 17. Nxg4 Qe7 18. Bd2 f6 19. Rae1 Be6 20. f4 exf4 21. gxf4 Nf7 22. e5 f5 23. Ne3 Rad8 24. b4 Bb6 25. Bc1 Nh8 26. Nc4 Bc7 27. Rg1 Kh7 28. Bf3 Bd5 29. Bxd5 cxd5 30. Ne3 g6 31. Nc2 Qh4 32. Qf3 Bb6 33. Be3 Bxe3 34. Nxe3 Nf7 1-0

[Event "SRB-ch sf"]
[Site "Belgrade"]
[Date "2016.03.26"]
[Round "6"]
[White "Jovanovic, Miroslav T"]
[Black "Djurdjevic, Petar S"]
[Result "1-0"]
[WhiteElo "1903"]
[BlackElo "1970"]
[PlyCount "47"]
[EventDate "2016.03.21"]
[EventType "swiss"]
[EventRounds "9"]
[EventCountry "SRB"]
[SourceTitle "CBM 171 Extra"]
[Source "ChessBase"]
[SourceDate "2016.04.26"]
[SourceVersion "1"]
[SourceVersionDate "2016.04.26"]
[SourceQuality "1"]

1. e4 e5 2. Nf3 Nc6 3. d4 exd4 4. Nxd4 Qf6 5. Be3 Bc5 6. c3 Qg6 7. f3 Nge7 8. Qd2 a6 9. Bc4 Ne5 10. Bb3 d6 11. Qe2 h5 12. Bc2 h4 13. Nd2 Bd7 14. 0-0-0 0-0-0 15. h3 Rde8 16. Rhg1 Qh5 17. Qf2 d5 18. f4 Nc4 19. Nxc4 dxc4 20. Rd2 Nc6 21. Nxc6 Bxe3 22. Qxe3 Bxc6 23. Qa7 b5 24. Bd1 1-0

[Event "SRB-ch sf"]
[Site "Belgrade"]
[Date "2016.03.21"]
[Round "1"]
[White "Vucinic, Gojko"]
[Black "Jovanovic, Miroslav T"]
[Result "1-0"]
[WhiteElo "2291"]
[BlackElo "1903"]
[PlyCount "81"]
[EventDate "2016.03.21"]
[EventType "swiss"]
[EventRounds "9"]
[EventCountry "SRB"]
[SourceTitle "CBM 171 Extra"]
[Source "ChessBase"]
[SourceDate "2016.04.26"]
[SourceVersion "1"]
[SourceVersionDate "2016.04.26"]
[SourceQuality "1"]

1. e4 e5 2. Nf3 Nc6 3. Bc4 Nf6 4. Ng5 d5 5. exd5 Nxd5 6. Nxf7 Kxf7 7. Qf3+ Ke6 8. Nc3 Ncb4 9. 0-0 c6 10. d4 Qf6 11. Qe2 Kd7 12. dxe5 Qg6 13. Rd1 Ke8 14. Nxd5 cxd5 15. Bb3 Bh3 16. Qb5+ Nc6 17. Bxd5 Rd8 18. Bf4 a6 19. Qb3 Be7 20. Qxh3 Rf8 21. Bg3 Rd7 22. Qxd7+ Kxd7 23. Be4+ Ke6 24. Bxg6 hxg6 25. Rd2 Nb4 26. c4 Rc8 27. a3 Nc6 28. b4 b6 29. f3 Nd8 30. Bf2 b5 31. c5 Nc6 32. f4 g5 33. fxg5 Bxg5 34. Rd6+ Kf5 35. e6 Be7 36. Re1 a5 37. Rd5+ Kg6 38. Rd7 axb4 39. axb4 Re8 40. Rb1 Kf6 41. Rb7 1-0

[Event "Belgrade Trophy 29th"]
[Site "Belgrade"]
[Date "2015.11.24"]
[Round "1"]
[White "Cvetkovic, Srdjan"]
[Black "Jovanovic, Miroslav T"]
[Result "1-0"]
[WhiteElo "2327"]
[BlackElo "1938"]
[PlyCount "61"]
[EventDate "2015.11.24"]
[EventType "swiss"]
[EventRounds "9"]
[EventCountry "SRB"]
[SourceTitle "CBM 170 Extra"]
[Source "ChessBase"]
[SourceDate "2016.02.25"]
[SourceVersion "1"]
[SourceVersionDate "2016.02.25"]
[SourceQuality "1"]

1. c4 g6 2. g3 Nf6 3. b3 Bg7 4. Bb2 0-0 5. Bg2 c6 6. Nf3 d5 7. 0-0 Na6 8. d3 Nc7 9. Nbd2 h6 10. Qc2 Be6 11. Be5 Rc8 12. h3 b6 13. Qb2 c5 14. Rac1 Na6 15. d4 Nb4 16. cxd5 Bxd5 17. dxc5 bxc5 18. Nc4 Qe8 19. Rfd1 Be6 20. Qa3 Nd7 21. Bxg7 Kxg7 22. Nfe5 Nxe5 23. Nxe5 Rc7 24. Nd3 Nxd3 25. Rxd3 Qb5 26. Qb2+ Kg8 27. Qd2 Kg7 28. h4 a5 29. Bd5 Bg4 30. Qf4 Qd7 31. Bf3 1-0